Statistics for James Bond Film Allies - By Description

Click here to take the quiz!

General Stats

  • This quiz has been taken 45 times
  • The average score is 7 of 15

Answer Stats

HintAnswer% Correct
Quartermaster who provides Bond’s life-saving gadgetsQ
100%
Secretary to M who provides Bond with mission documents and dataMiss Moneypenny
97%
Bond’s most famous CIA contactFelix Leiter
92%
Head of the Japanese Secret ServiceTiger Tanaka
63%
MI6 Chief of Staff who briefs Bond on numerous missionsBill Tanner
58%
Boatman who helps Bond to find Dr. No before being killed by a ‘dragon’Quarrel
53%
CIA contact who assisted Bond in defeating Janus and Elliot CarverJack Wade
45%
Indian operative who goes undercover at a tennis clubVijay
39%
MI6 medical officer who declares Bond ‘fit for duty’ despite a bad shoulderDr. Molly Warmflash
24%
Greek smuggler who helps prevent an ATAC device falling into KGB handsMilos Columbo
24%
Head of Station V - Vienna, who helps Bond track down KoskovSaunders
24%
Skyfall estate gamekeeper, who helps defend the lodge from attackKincade
21%
MI6 operative and horse expert who poses as Bond’s chauffeur/valetSir Godfrey Tibbett
21%
MI6 operative assisting Bond to track Mollaka in MadagascarCarter
13%
Antiques expert who assists Bond in a case involving Fabergé eggsJim Fanning
13%

Score Distribution

Percentile by Number Answered

Percent of People with Each Score

Your Score History

You have not taken this quiz